000 00437nam a2200157Ia 4500
003 OSt
005 20230605114452.0
008 211028s2011 xx 000 0 und d
040 _cAIMIT LIBRARY
041 _aeng
100 _aLyla, M J; Castelino, Melissa.
_98286
_e091918
110 _aMelissa Castelinho
_98287
245 _aManagement of roles in distributor price classification.
260 _aMangalore
_c2011
942 _2ddc
_cPRO
999 _c219812
_d219812